LIBRARY ONLINE CATALOGUE

Writing research papers : (Record no. 2189)

MARC details
000 -LEADER
fixed length control field 00636nam a22002052 4500
001 - CONTROL NUMBER
control field 0000003617
005 - DATE AND TIME OF LATEST TRANSACTION
control field 20151217145738.0
008 - FIXED-LENGTH DATA ELEMENTS--GENERAL INFORMATION
fixed length control field 070510s xx 000 0 eng d
020 ## - INTERNATIONAL STANDARD BOOK NUMBER
International Standard Book Number 0844259306 :
Terms of availability KES 400
040 ## - CATALOGING SOURCE
Original cataloging agency KABU
Transcribing agency KABU
050 #0 - LIBRARY OF CONGRESS CALL NUMBER
Classification number LB2369
Item number .W66
100 1# - MAIN ENTRY--PERSONAL NAME
Personal name Woodward, Jeannette A.
-- 0000153653
245 10 - TITLE STATEMENT
Title Writing research papers :
Remainder of title investigating resources in cyberspace.
260 ## - PUBLICATION, DISTRIBUTION, ETC. (IMPRINT)
Place of publication, distribution, etc. Lincolnwood, III :
Name of publisher, distributor, etc. National Textbook,
Date of publication, distribution, etc. 1997.
300 ## - PHYSICAL DESCRIPTION
Extent xvi, 272 p.
650 #0 - SUBJECT ADDED ENTRY--TOPICAL TERM
Topical term or geographic name as entry element Report writing
General subdivision Data processing.
-- 0000153654
908 ## - PUT COMMAND PARAMETER (RLIN)
Put command parameter 070510
950 ## - LOCAL HOLDINGS (RLIN)
-- 1
Holdings
Withdrawn status Lost status Source of classification or shelving scheme Not for loan Home library Current library Date acquired Total Checkouts Full call number Barcode Date last seen Price effective from Koha item type
    Library of Congress Classification   Kabarak, Main Campus Kabarak, Main Campus 17/12/2015   LB2369 .W66 010235 17/12/2015 17/12/2015 General Collection